00561nam a22002057a 450000500170000001000110001702000220002803500110005003700160006104000120007708200160008910000280010524500660013326000410019927000310024030000230027150000190029465000240031365000180033720170124110042.0 a697509 c00.00a004827013X a697509 bCen Lib/Ret aDPLbEN a808.88bLEV aLevinson, Leonard Louis aBartlett's unfamiliar quotations /cby Leonard Louis Levinson aLondonbGeorge Allen and Unwinc1972 aRuskin House Museum Street aix,341p.c21cm(Hb) aIncludes index aQuotations, English aWit and Humor